El ser como acto: continuación especulativa de la doctrina de Sto. Tomás de Aquino sobre el ser, inspirada en el principio dialéctico de Hegel
Kaydedildi:
| Yazar: | |
|---|---|
| Materyal Türü: | Kitap |
| Dil: | İspanyolca |
| Baskı/Yayın Bilgisi: |
Pamplona
EUNSA
1968
|
| Konular: | |
| Etiketler: |
Etiketle
Etiket eklenmemiş, İlk siz ekleyin!
|
MARC
| LEADER | 00000nam a2200000 a 4500 | ||
|---|---|---|---|
| 001 | UCZ3773 | ||
| 003 | CL-VaPUC | ||
| 005 | 20240711162225.0 | ||
| 008 | 951027e19680000SP |||||||||||||||||spa|d | ||
| 999 | |c 240221 |d 240219 | ||
| 040 | |c Pontificia Universidad Católica de Valparaíso | ||
| 082 | 0 | 4 | |a 111.8 |b BEC |2 21 |
| 100 | 0 | |a Beck, Heinrich |e author |9 347612 | |
| 245 | 1 | 3 | |a El ser como acto: continuación especulativa de la doctrina de Sto. Tomás de Aquino sobre el ser, inspirada en el principio dialéctico de Hegel |
| 260 | |a Pamplona |b EUNSA |c 1968 | ||
| 300 | |a 432 p | ||
| 583 | |a last modification |c 19951027 00:00:00 |k Rodrigo Vera | ||
| 600 | 0 | |a Tomás de Aquino |d 1220-1274 |c Santo |9 255832 | |
| 600 | 0 | |a Hegel, Georg Wilhelm Friedrich |d 1770-1831 |9 860268 | |
| 650 | 7 | |a SER |2 CL-VaPUC |9 320176 | |
| 650 | 0 | |a Ontología |9 256850 | |
| 650 | 0 | |a Tomismo |9 259214 | |
| 650 | 0 | |a Metafísica |9 265649 | |
| 650 | 0 | |a Escuelas filosóficas |9 266232 | |
| 942 | |c BK |2 ddc | ||
| 945 | |d 19951027 00:00:00 |a cmena | ||
| 952 | |0 0 |1 0 |4 0 |6 111_800000000000000_BEC_1968 |7 0 |8 P |9 251948 |a BIBEDU |b BIBEDU |c BIBEDU_PB |d 2019-11-18 |i 1588753 |o 111.8 BEC 1968 |p 1588753 |r 2024-01-25 |w 2019-11-18 |y BK |k FIL | ||
| 952 | |0 0 |1 0 |4 0 |6 111_800000000000000_BEC_1968 |7 0 |8 P |9 251949 |a BIBEDU |b BIBEDU |c BIBEDU_PB |d 2019-11-18 |i 1588761 |o 111.8 BEC 1968 |p 1588761 |r 2024-01-25 |w 2019-11-18 |y BK |k FIL | ||
| 952 | |0 0 |1 0 |4 0 |6 111_800000000000000_BEC_1968 |7 0 |8 P |9 251950 |a BIBEDU |b BIBEDU |c BIBEDU_PB |d 2019-11-18 |i 158877K |o 111.8 BEC 1968 |p 158877K |r 2024-01-25 |w 2019-11-18 |y BK |k FIL | ||